000 00470cam a22001934a 4500
005 20250605164322.0
008 250528s ||||||||||||||||||||||||d
035 _a22941
020 _a9781841692258
040 _aGR-AtMCL
_bgre
_dGR-AtMCL
_eAACR2
245 1 _aQUANTITATIVE PSYCHOLOGICAL RESEARCH
250 _a1
260 _bPsychology Press,
_c2004
300 _a649
700 1 _aClark-Carter David
_9315
942 _cBK
999 _c7984
_d7984